| 000 | 00467nam a22001457a 4500 | ||
|---|---|---|---|
| 999 |
_c18353 _d18353 |
||
| 008 | 200724b xxu||||| |||| 00| 0 eng d | ||
| 020 | _a0077109082 | ||
| 050 |
_aQA76.64 _b.L48 2005 c.1 |
||
| 100 | _aLethbridge, Timothy C. | ||
| 245 |
_aObject- Oriented Software Engineering _bPractical Software Development Using UML and Java _cTimothy C. Lethbridge |
||
| 260 |
_aLondon _bMcGrawHill _c2005 |
||
| 300 | _axxv, 533p. | ||
| 700 | _aRobert Laganiere | ||
| 942 |
_2lcc _cBK |
||